000 00549nam a22001575i 4500
001 161361
003 ES-MaACL
005 20230906212253.0
008 981002s1896 sp |||| | spa d
040 _aGA
_bspa
_cCCPB | 3D
100 1 _aParadís Pérez, Victoriano.
_9130825
245 1 0 _aDios y Patria /
_cpor Victoriano Paradís Pérez ...
260 _aValladolid :
_b[s.n.],
_c1896 (
_fImprenta, libreria, Heliografía y Solograbados de José Manuel de la Cuesta)
300 _a298 p. ;
_c16 cm.
852 _aES-MaACL
_jG-10354
_z-- Enc. cart.
999 _c161361
_d161361